MDQL
is popping MORE tags! Check the
thread
!
Quizzes
Events
Quiz Creation
Community
Videos
Private Events
Remove Ads
Sign In
Join for FREE
Feedback
Dark Mode
Quiz Categories
Sports
Geography
Music
Movies
Television
Just For Fun
Miscellaneous
History
Literature
Language
Science
Gaming
Entertainment
Religion
Holiday
For Kids
Quiz Lab
Recent
Popular Today
Quiz Kudos Today
Editor Picks
Curator Picks
Quizzes by...
Day
Popularity
Type
Ratings
Length
Year
Community
Subscriptions
Recent Discussions
Orange Saloon
Badges
Playlists
Quests
Create
Leaderboards
Showdown
Live 5
Trivia Bingo
Activity
Puzzle Library
Sporcle Events
Private Events
Virtual Trivia
Globe League
Become a Host
Pub Owners
SporcleCon
Opinionation
Our Games
Videos
Blog
Mobile Apps
Partnerships
Remove Ads and Go Orange
Feedback
Television
TV Characters
TV Show
Sitcom
Network
Friends
Reality Shows
Cast
South Park
Star Trek
The Simpsons
Doctor Who
Television
TV Characters
TV Show
Sitcom
Network
Friends
Reality Shows
Cast
South Park
Star Trek
The Simpsons
Doctor Who
Random Quiz
Search Sporcle
×
Quiz Lab
Quiz Lab
Television
Affiliate
Type in answers that appear in a list
Type in answers that appear in a list
Classic
Best Score? Go Orange.
ABC Local Station Locations Stats
Can you name the cities where the local ABC television affiliates are located?
By
NUDH
20m
203 Questions
212 Plays
212 Plays
212 Plays
Comments
Comments
Give Quiz Kudos
Give Quiz Kudos
-
- Ratings
hide this ad
More Info
Replay
Link that replays current quiz
Next Quiz
Link to next quiz in quiz playlist
You Got
0%
They Got
Avg Score
60%
Avg Friend Score
Upgrade to see
Score Distribution
Jump to the score distribution portion of the page
Score
0/203
Timer
20:00
0
Plays Today
State
City
% Correct
California
Los Angeles
84.9%
Arizona
Phoenix
84.4%
California
San Francisco
84.4%
Colorado
Denver
84.4%
Georgia
Atlanta
84.4%
California
San Diego
84%
North Carolina
Raleigh/Durham/Fayetteville
84%
Florida
Orlando
83.5%
Maine
Auburn/Portland
83.5%
Florida
Tampa/St. Petersburg
83%
Minnesota
Austin/Rochester/Mason City
83%
Illinois
Chicago
82.5%
Florida
Miami
82.1%
Florida
Jacksonville
81.6%
Minnesota
St Paul/Minneapolis
81.1%
North Carolina
Charlotte
80.7%
Arizona
Tucson
80.2%
District of Columbia
Washington DC
80.2%
Louisiana
New Orleans
79.7%
Arkansas
Little Rock
79.2%
Missouri
Kansas City
79.2%
Alabama
Birmingham
78.3%
Texas
Dallas
78.3%
Florida
Pensacola/Mobile
77.8%
California
Sacramento
77.4%
Oregon
Portland
77.4%
Tennessee
Nashville
77.4%
Colorado
Colorado Springs
76.9%
Idaho
Boise
76.9%
Nevada
Las Vegas
76.9%
Mississippi
Tupelo/Columbus
76.4%
Indiana
Indianapolis
75.9%
Mississippi
Jackson
75.9%
Tennessee
Jackson
75.9%
Oklahoma
Oklahoma City
75.5%
Georgia
Columbus
75%
Kentucky
Louisville
75%
Michigan
Detroit
75%
Nevada
Reno
75%
Ohio
Columbus
75%
Massachusetts
Boston
74.5%
Washington
Seattle/Tacoma
74.5%
California
Fresno
74.1%
Texas
Houston
74.1%
Iowa
Des Moines
73.6%
New York
New York
73.6%
South Carolina
Columbia
73.6%
Texas
Austin
73.6%
Georgia
Savannah
73.1%
Missouri
Columbia
73.1%
Missouri
St Louis
73.1%
Ohio
Cincinnati
73.1%
Tennessee
Memphis
72.6%
Maryland
Baltimore
72.2%
Ohio
Cleveland
72.2%
Pennsylvania
Philadelphia
72.2%
Alabama
Montgomery
71.7%
Nebraska
Omaha
71.7%
New York
Buffalo
71.7%
North Carolina
Winston-Salem/High Point/Greensboro
71.7%
Illinois
Springfield
71.2%
Massachusetts
Springfield
71.2%
Missouri
Springfield
71.2%
Texas
San Antonio
71.2%
Louisiana
Baton Rouge
70.8%
Utah
Salt Lake City
70.3%
Alaska
Anchorage
69.8%
Pennsylvania
Pittsburgh
69.8%
State
City
% Correct
Texas
El Paso
69.8%
West Virginia
Charleston/Huntington
69.8%
Georgia
Augusta
69.3%
Oklahoma
Tulsa
69.3%
Alabama
Huntsville
68.9%
Florida
Tallahassee
68.9%
Michigan
Grand Rapids
68.4%
New York
Albany
68.4%
Alaska
Juneau
67.5%
South Carolina
Charleston
67.5%
California
Bakersfield
67%
Kentucky
Lexington
67%
Virginia
Richmond
66.5%
Indiana
Fort Wayne
66%
New Mexico
Albuquerque
66%
North Carolina
Ashville/Greenville
65.6%
Wisconsin
Milwaukee
65.6%
North Dakota
Fargo
65.1%
Wisconsin
Madison
65.1%
Hawaii
Honolulu
64.6%
Ohio
Toledo
64.6%
Tennessee
Knoxville
64.6%
Kansas
Wichita
64.2%
Ohio
Dayton
64.2%
Florida
West Palm Beach
63.7%
Florida
Naples/Fort Myers
63.2%
New York
Rochester
63.2%
Virginia
Norfolk
63.2%
Arkansas
Fayetteville
62.7%
Georgia
Macon
62.7%
New York
Syracuse
62.7%
Wisconsin
Green Bay
62.3%
Arkansas
Fort Smith
61.8%
Kansas
Topeka
61.8%
Nebraska
Lincoln
61.8%
Indiana
South Bend/Elkhart
61.8%
Iowa
Cedar Rapids/Waterloo
61.3%
Louisiana
Shreveport
61.3%
Michigan
Lansing
61.3%
Mississippi
Biloxi
61.3%
Alaska
Fairbanks
60.8%
Oregon
Eugene
60.8%
Washington
Spokane
60.8%
Connecticut
New Haven
60.4%
Idaho
Idaho Falls/Pocatello
60.4%
Illinois
Peoria
60.4%
Illinois
Rockford
60.4%
Montana
Billings
60.4%
Illinois
Carterville/Harrisburg
59.9%
Florida
Gainesville
59.4%
Pennsylvania
Harrisburg
59.4%
South Dakota
Sioux Falls
59.4%
Minnesota
Duluth
59%
North Carolina
Wilmington
59%
Illinois
Moline
58.5%
Texas
Corpus Christi
58%
Indiana
Evansville
57.5%
Kentucky
Evansville
57.5%
Louisiana
Lafayette
57.5%
Michigan
Flint
57.1%
Texas
Amarillo
57.1%
Iowa
Sioux City
56.6%
Texas
Lubbock
56.1%
Pennsylvania
Erie
55.7%
Wyoming
Cheyenne
55.2%
Colorado
Grand Junction
54.7%
Mississippi
Greenville/Greenwood
54.7%
Arkansas
Jonesboro
54.2%
State
City
% Correct
California
Palm Springs
53.8%
New Hampshire
Manchester
53.8%
Rhode Island
Providence
53.8%
Alabama
Dothan
53.3%
Tennessee
Chattanooga
53.3%
Texas
Midland
53.3%
Louisiana
Monroe
52.8%
South Carolina
Florence
52.4%
Florida
Panama City
51.9%
California
Santa Barbara
51.4%
Ohio
Youngstown
51.4%
Maine
Bangor
50.9%
Montana
Butte-Bozeman
50.9%
Kentucky
Bowling Green
50.5%
Texas
Waco
50.5%
North Dakota
Bismark/Minot
50%
Montana
Missoula
49.5%
Pennsylvania
Scranton
49.1%
Louisiana
Alexandria
48.6%
California
Redding
48.1%
Montana
Great Falls
48.1%
Wyoming
Casper
47.6%
New York
Utica
47.2%
Texas
Beaumont
46.7%
Illinois
Champaign
46.2%
Virginia
Lynchburg
45.8%
Maryland
Salisbury
45.3%
California
Arcata/Eureka/Fortuna
44.8%
Florida
Sarasota
44.3%
Missouri
Joplin
43.9%
Texas
Tyler
43.9%
Virginia
Charlottesville
43.4%
California
Monterey/Salinas/Santa Cruz
42.9%
South Dakota
Rapid City
42.5%
Washington
Yakima
41.5%
Texas
Abilene
41%
New York
Binghamton
40.6%
Oregon
Bend
40.6%
Wisconsin
Eau Claire
40.6%
Michigan
Battle Creek
40.1%
Pennsylvania
Altoona/Johnstown
39.6%
Tennessee
Kingsport
39.6%
Oregon
Medford
39.2%
New York
Elmira
38.7%
North Carolina
New Bern
38.7%
North Dakota
Grand Forks
38.2%
Virginia
Harrisonburg
37.7%
Alabama
Anniston
36.8%
Mississippi
Meridian
36.3%
Oklahoma
Lawton
35.8%
Ohio
Lima
35.4%
Wisconsin
La Cross
34.9%
Nebraska
Kearney
34%
Michigan
Traverse City
33%
Nebraska
Scottsbluff
33%
Wisconsin
Wausau
33%
Texas
Victoria
32.1%
Michigan
Calumet/Marquette
31.6%
New York
Watertown
30.7%
Missouri
Kirksville
29.7%
Texas
Weslaco
28.8%
Washington
Kennewick
27.4%
West Virginia
Oak Hill
27.4%
Alaska
Sitka
26.4%
Texas
Lufkin
24.5%
Missouri
St Joesph
22.2%
Vermont
Colchester
20.8%
Quiz Playlist
Details
Report
Send in Message
Add To Playlist
More Info:
New Jersey and Delaware have no affiliates located within their states. *secondary station
Classic:
Type in answers that appear in a list
Quiz Source
Last Updated: Feb 16, 2017
Quiz Scoreboard
CHALLENGE
Sign Up to Join the Scoreboard
Show All
Scores
Hide
Comments
May contain spoilers
Recently Published
5x2 Blitz: Bands
by SL_Kpop136
Music
30s
Colored Red Africa Blitz
by spor1
Geography
30s
Find the 'City' Movie
by crazypaving
Movies
60s
More to Explore
Quiz From the Vault
Featured Blog Post
14 Easter Pick-up Lines to Find Eggs With
hide this ad
You Might Also Like...
Tags
ABC
Affiliate
location
Today's Top Quizzes in Television
Browse Television
hide this ad
Top Contributed Quizzes in Television
1
Survivor Journey Challenge
2
Brooklyn Nine Nine Logic Puzzle (How-To-Play)
3
Phoebe Buffay Quotes
4
One Tree Hill Logic Puzzle
5
Survivor Logic Puzzle: Heroes vs. Villains
6
Survivor Trivia
7
Game of Thrones: Tywin Lannister Start to Finish
8
All US Survivor Seasons in Order
9
Emmerdale Characters (from August 2012)
10
Survivor Trivia #6: Criteria Quiz!
Explore More
Trending Topics
Anime
Crossword
Harry Potter
Kpop
Disney
NBA
Marvel
NFL
Song
The Office
WWE
Puzzle
Pokémon
Soccer
Country
hide this ad
More By:
NUDH
Quiz
Plays
Rating
Category
Featured
Created
Hearthstone Keyword Abilities
24,488
2.75
Gaming
Nov 20, 2013
College Hockey Division 1 Teams
3,747
5.00
Sports
Feb 28, 2010
Guild Wars 2 Grab Bag
1,062
4.20
Gaming
Sep 8, 2012
ABC Local Station Locations
212
5.00
Television
Jun 15, 2011
Go to Creator's Profile
Score Distribution
Quiz Creator Spotlight
NUDH
Follow
Send a Message
Quizzes Created
-
Created Quiz Play Count
-
More By This Creator
Popular Quizzes Today
1
Find the 'City' Movie
2
Colored Red Africa Blitz
3
Find the US States - No Outlines Minefield
4
5x2 Blitz: Bands
5
The Countries of the World
6
Find the US States
7
US States
8
9x9 Crossword: Cartoon Network
More Television Quizzes
Click the Green-Skinned Cartoon Character
Curator's Pick
Trending Quizzes
Colored Red Europe Blitz I
Colored Red Africa Blitz II
Colored Red Europe Blitz II
Colored Red Africa Blitz III
Colored Red Europe Blitz III
Recently Updated
Famous TV Couples
Peacemaker
Champions League XIs: Real Madrid
pecheneg
Largest US Cities 1790-2010
pecheneg
Rides in Walt Disney World
pecheneg
Most Oscar Losses (Acting)
pecheneg
Beyoncé Albums
pecheneg
Leaping Animals
pecheneg
Reality TV Shows (A-Z)
bhenderson79
Rickey Henderson's Hall of Fame Teammates
pecheneg
Champions League XIs: Arsenal
pecheneg
Trending Topics
Kpop
Crossword
Harry Potter
Disney
NBA
Anime
Marvel
NFL
The Office
Country
Pokémon
Puzzle
Song
WWE
Soccer
Your Account Isn't Verified!
In order to create a playlist on Sporcle, you need to verify the email address you used during registration. Go to your
Sporcle Settings
to finish the process.
Report this User
Report this user for behavior that violates our
Community Guidelines
.
Details:
Send Report
Go to the Sporcle.com Mobile Site →
Comments